MARC details
| 000 -CABECERA |
| campo de control de longitud fija |
02347cam a2200313 i 4500 |
| 001 - NÚMERO DE CONTROL |
| campo de control |
12522409 |
| 005 - FECHA Y HORA DE LA ÚLTIMA TRANSACCIÓN |
| campo de control |
20250929120638.0 |
| 008 - DATOS DE LONGITUD FIJA--INFORMACIÓN GENERAL |
| campo de control de longitud fija |
221203s2023 enka b 001 0 eng d |
| 020 ## - NÚMERO INTERNACIONAL ESTÁNDAR DEL LIBRO |
| Número Internacional Estándar del Libro |
1292450029 |
| Información calificativa |
paperback |
| 020 ## - NÚMERO INTERNACIONAL ESTÁNDAR DEL LIBRO |
| Número Internacional Estándar del Libro |
9781292450025 |
| Información calificativa |
paperback |
| 024 ## - IDENTIFICADOR DE OTROS ESTÁNDARES |
| Número estándar o código |
99993065976 |
| 035 ## - NÚMERO DE CONTROL DEL SISTEMA |
| Número de control de sistema |
(OCoLC)on1352790432 |
| 035 ## - NÚMERO DE CONTROL DEL SISTEMA |
| Número de control de sistema |
(CaBVaU)12522409 |
| 040 ## - FUENTE DE LA CATALOGACIÓN |
| Centro catalogador/agencia de origen |
YDX |
| Lengua de catalogación |
eng |
| Centro/agencia transcriptor |
YDX |
| Centro/agencia modificador |
YDX |
| -- |
UtOrBLW |
| 050 #4 - SIGNATURA TOPOGRÁFICA DE LA BIBLIOTECA DEL CONGRESO |
| Número de clasificación |
HD58.7 |
| Número de documento/Ítem |
.R62 2023 |
| 100 1# - ENTRADA PRINCIPAL--NOMBRE DE PERSONA |
| Nombre de persona |
Robbins, Stephen P., |
| Fechas asociadas al nombre |
1943- |
| Término indicativo de función/relación |
author. |
| 245 10 - MENCIÓN DE TÍTULO |
| Título |
Organizational behavior |
| Mención de responsabilidad, etc. |
/ Stephen P. Robbins, Timothy A. Judge. |
| 250 ## - MENCIÓN DE EDICIÓN |
| Mención de edición |
Nineteenth edition. |
| 250 ## - MENCIÓN DE EDICIÓN |
| Mención de edición |
Global edition. |
| 264 #1 - PRODUCCIÓN, PUBLICACIÓN, DISTRIBUCIÓN, FABRICACIÓN Y COPYRIGHT |
| Producción, publicación, distribución, fabricación y copyright |
Harlow ; |
| -- |
New York : |
| Nombre del de productor, editor, distribuidor, fabricante |
Pearson Education Limited, |
| Fecha de producción, publicación, distribución, fabricación o copyright |
2023. |
| 300 ## - DESCRIPCIÓN FÍSICA |
| Extensión |
798 pages : |
| Otras características físicas |
illustrations (some color) ; |
| Dimensiones |
28 cm |
| 504 ## - NOTA DE BIBLIOGRAFÍA, ETC. |
| Nota de bibliografía, etc. |
Includes bibliographical references and indexes. |
| 505 0# - NOTA DE CONTENIDO CON FORMATO |
| Nota de contenido con formato |
What is organizational behavior? — Diversity, equity, and inclusion in organizations — Job attitudes — Emotions and moods — Personality and individual differences — Perception and individual decision making — Motivation concepts — Motivation: from concepts to applications — Foundations of group behavior — Understanding work teams — Communication — Leadership — Power and politics — Conflict and negotiation — Foundations of organization structure — Organizational culture and change — Human resource systems and practices — Stress and health in organizations — Appendix: Research in organizational behavior. |
| 520 ## - SUMARIO, ETC. |
| Sumario, etc. |
"For undergraduate and graduate courses in organizational behavior. The world's most successful organizational behavior text Organizational Behavior provides the information you want, in the language your students understand. Reflecting the most recent research and events within the field of OB, the 19th Edition continues its hallmark focus on clear writing, cutting-edge content, and intuitive pedagogy. There's a reason why Robbins and Judge's OB textbooks have educated millions of students and have been translated into 20 languages: because of a commitment to provide engaging, cutting-edge material that helps students understand and connect with this important field of study."-- |
| Fuente proveedora |
Publisher's description. |
| 650 #0 - PUNTO DE ACCESO ADICIONAL DE MATERIA--TÉRMINO DE MATERIA |
| Término de materia o nombre geográfico como elemento de entrada |
Organizational behavior. |
| 9 (RLIN) |
2566 |
| 650 #0 - PUNTO DE ACCESO ADICIONAL DE MATERIA--TÉRMINO DE MATERIA |
| Término de materia o nombre geográfico como elemento de entrada |
Organization. |
| 9 (RLIN) |
358 |
| 700 1# - ENTRADA AGREGADA--NOMBRE PERSONAL |
| Nombre de persona |
Judge, Tim, |
| Término indicativo de función/relación |
editor. |
| 942 ## - ELEMENTOS DE ENTRADA AGREGADA (KOHA) |
| Fuente del sistema de clasificación o colocación |
Clasificación de Library of Congress |